| 000 | 02103cam a2200397 i 4500 | ||
|---|---|---|---|
| 001 | 14204401 | ||
| 003 | EG-ScBUE | ||
| 005 | 20250618082102.0 | ||
| 008 | 051219s2006 enka f b 001 0 eng d | ||
| 020 | _a0470025328 (pbk.) | ||
| 020 | _a9780470025321 (pbk.) | ||
| 035 | _a(OCoLC)ocm62728542 | ||
| 035 | _a(OCoLC)62728542 | ||
| 040 |
_aDLC _beng _erda _cDLC _dBAKER _dC#P _dOCLCQ _dYDXCP _dIAK _dDLC _dEG-ScBUE |
||
| 082 | 0 | 4 |
_a539.72 _222 _bMAR |
| 100 | 1 |
_aMartin, B. R. _q(Brian Robert) _eauthor. |
|
| 245 | 1 | 0 |
_aNuclear and particle physics / _cB. R. Martin. |
| 246 | 3 | 4 |
_aNuclear and particle physics : _ban introduction |
| 264 | 1 |
_aChichester ; _aHoboken, NJ : . _bJohn Wiley, _c[2006] |
|
| 264 | 4 | _cc2006 | |
| 300 |
_axiv, 411 pages : _billustrations ; _c26 cm |
||
| 336 |
_2rdacontent _atext _btxt |
||
| 337 |
_aunmediated _2rdamedia _bn |
||
| 338 |
_avolume _bnc _2rdacarrier |
||
| 500 | _aSubtitle from cover. | ||
| 504 | _aIncludes bibliographical references and index. | ||
| 505 | 0 | _aPhysical constants and conversion factors -- Basic concepts -- Nuclear phenomenology -- Particle phenomenology -- Experimental methods -- Quark dynamics: the strong interaction -- Electroweak interactions -- Models and theories of nuclear physics -- Applications of nuclear physics -- Outstanding questions and future prospects -- Appendix A: Some results in quantum mechanics -- Appendix B: Relativistic kinematics -- Appendix C: Rutherford scattering -- Appendix D: Solutions to problems. | |
| 650 | 7 |
_aNuclear physics _vTextbooks. _2BUEsh |
|
| 650 | 7 |
_aParticles (Nuclear physics) _vTextbooks. _2BUEsh |
|
| 655 | _vReading book | ||
| 856 | 4 | 1 |
_3Table of contents _uhttp://www.loc.gov/catdir/toc/ecip065/2005036437.html |
| 856 | 4 | 2 |
_3Publisher description _uhttp://www.loc.gov/catdir/enhancements/fy0665/2005036437-d.html |
| 856 | 4 | 2 |
_3Contributor biographical information _uhttp://www.loc.gov/catdir/enhancements/fy0740/2005036437-b.html |
| 942 |
_2ddc _cBB |
||
| 999 |
_c10364 _d10364 |
||